"Medicna"? Zu einer Allegorie der Heilkunst von Joseph Winterhalder der Ältere nach Paul Troger
| Titel: | "Medicna"? Zu einer Allegorie der Heilkunst von Joseph Winterhalder der Ältere nach Paul Troger |
|---|---|
| Verfasser: | |
| In: |
Orbis artium, (2009), Seite 259-272 alle Artikel anzeigen |
| Veröffentlicht: | 2009 |
| Format: | Aufsatz |
| Sprache: | Deutsch |
X
alg: 39340626 001A $01999:12-11-16 001B $01999:28-04-17 $t15:50:16.000 001D $01999:12-11-16 001U $0utf8 001X $00 002@ $0Aox 003@ $0393406261 007A $0393406261 $aHEB 007T $0Herdpp168207 010@ $ager 011@ $a2009 021A $a"Medicna"? Zu einer Allegorie der Heilkunst von Joseph Winterhalder der Ältere nach Paul Troger 028A $aGamerith $dAndreas 031A $h259-272 $j2009 037A $aRés. čes. s. 270: "Medicna"? Neznámá kresba od Josepha Winterhaldera staršího podle Paula Trogera 039B $aIn $8--Aau--. @Orbis artium. - Brno : Masarykova univerzita, 2009. - 846, [1] S.. - Ill. - ISBN 978-80-210-4972-7 $x200900000000000741 $9222799129 lok: 39340626 78 exp: 39340626 78 1 #EPN 201B/01 $026-11-17 $t03:17:30.000 201U/01 $0utf8 203@/01 $0789516683 208@/01 $a12-11-16 $be 209A/01 $a/ $f000 $x00 220C/01 $aHerkunft: Hú Av Čr Praha 244Z/01 $#Tschechien $#Tschechische Republik $#Tschechische Republik $#Tschechenland $#Tschechei Tschechien $#Česká Republika $#Czech Republic $#ČR $74303381-7 $8--Tg1--Tschechien $x01 $9086659812 244Z/01 $2Trx $#Böhmen $#Bohemia $#Czechy $8--Trx--Čechy $x02 $9391188941 244Z/01 $2Trx $#Pölten Niederösterreich $8--Trx--Sankt Pölten$gNiederösterreich $x03 $9391252186 244Z/01 $aGeschichte 1734 $x04 244Z/01 $2Trx $#Winterhalder, Josef st. $#Winterhalter, Johann Josef $8--Trx--Winterhalder, Joseph d.Ä.$Z1702-1769 $x05 $9391112759 244Z/01 $2Trx $8--Trx--Troger, Paul$Z1698-1762 $x06 $9390938874 244Z/01 $akresby $x07 244Z/01 $2Trx $#kunst, kujutav $#vaizduojamasis menas $#sculpture $#képzömüvészet $#sztuki plastyczne $#umenie výtvarné $#umění výtvarné $8--Trx--Kunst, bildende $x08 $9391357158 244Z/01 $aalegorie $x09 244Z/01 $2Trx $8--Trx--Einzelbeiträge $x10 $9391384570 247C/01 $82080>Marburg/Lahn, Herder-Institut, Forschungsbibliothek, Bibliographieportal $9336309341
| LEADER | 00000caa a22000002c 4500 | ||
|---|---|---|---|
| 001 | 393406261 | ||
| 003 | DE-603 | ||
| 005 | 20170428155016.0 | ||
| 007 | tu | ||
| 008 | 161112s2009 xx |||| | u00||u|ger c | ||
| 035 | |a (DE-599)HEB393406261 | ||
| 040 | |a DE-603 |b ger |c DE-603 |d DE-603 | ||
| 041 | |a ger | ||
| 100 | 1 | |a Gamerith, Andreas | |
| 245 | 0 | 0 | |a "Medicna"? Zu einer Allegorie der Heilkunst von Joseph Winterhalder der Ältere nach Paul Troger |
| 264 | 0 | |c 2009 | |
| 500 | |a Rés. čes. s. 270: "Medicna"? Neznámá kresba od Josepha Winterhaldera staršího podle Paula Trogera | ||
| 773 | 0 | 8 | |i In |t Orbis artium |d Brno : Masarykova univerzita, 2009 |h 846, [1] S., Ill |z 9788021049727 |z 8021049723 |g (2009), Seite 259-272 |w (DE-603)222799129 |
| 924 | 0 | |9 2080 |a (DE-603)789516683 |b DE-2080 |c HES |d d |g / | |


